[Event "ACL-A087"]
[Site "www.playchess.de"]
[Date "2001.04.22"]
[Round "7"]
[White "Kasparovjr"]
[Black "Joachim"]
[WhiteElo "1500"]
[BlackElo "1500"]
[PlyCount "129"]
[Result "1-0"]

1.e4 {Greetings from Norway}  e5 {Greetings back 
from Germany to Norway. Our Group of Tournament is 
internationally really good mixed!}  2.Nf3 Nf6 
3.Nxe5 {I see you are not one of the wild ones.}  
d6 4.Nf3 {I was talking about your exstremely 
solid Petrov's Defence}  Nxe4 {Generally take 
solide openings, but Petrov is not often in my 
games; mostly I do 2. - Nf6}  5.d4 d5 {Generally I 
take solide openings, but "Petrov" is not often in 
my games; mostly I do 2. - Nc6}  6.Bd3 Be7 7.O-O 
Nc6 8.c4 Bg4 9.Re1 Nf6 10.Nc3 {clear text with 
"space"}  Bxf3 11.Qxf3 {Pretty lively to be a 
Petrov}  Nxd4 {Take on d4: is it correct or is it 
a risk ? The continue of game will show it}  
12.Qd1 {I am playing a Shirov line here}  Ne6 {It 
seems to get an interesting continue of game. - 
Your Alias-Name: do you are a fan of Kasparov ?}  
13.Bf5 {Aren't we all? I prefer combats not 
positonal play.}  dxc4 14.Qa4+ c6 15.Bxe6 fxe6 
16.Qxc4 Nd5 17.Rxe6 Kf7 18.Re5 Bf6 19.Nxd5 b5 
20.Qf4 cxd5 21.Qf5 Re8 22.Rxe8 Qxe8 23.Qxd5+ 
{Guess I am a pawn up then....}  Kg6 {...well, 1 
pawn less is no reason, that I resign soon (but 
23. - Qe6? lost a second pawn...)}  24.Be3 {Nope, 
on Qe6 I would have exchanged queens because of 
mate on e1!}  Rd8 25.Qb3 Qe5 26.Qc2+ Qf5 27.Qxf5+ 
Kxf5 28.f3 a6 29.Rb1 h5 30.Kf2 h4 31.g4+ {That 
would be foolish I am still a pawn up.}  hxg3+ 
32.hxg3 g5 33.g4+ Kg6 34.b3 b4 35.Rc1 Bc3 36.a4 a5 
37.Ke2 Re8 38.Kd3 Rd8+ 39.Kc4 {You have put up a 
good defence, but now I am invading!}  Bd2 
{exchange Bishops and a final games with two Rooks 
and totally 7 Pawns:my little chance of defence?}  
40.Rd1 {Yes! I will not allow that yet. The bishop 
ending is lost, the rook ending is not that 
clear.}  Rc8+ {the only usable move...}  41.Bc5 
Be3 42.Rd6+ Kf7 43.Rd5 Ke6 44.Rf5 Rxc5+ 45.Rxc5 
Bxc5 46.Kxc5 Ke5 47.Kc4 {The only winning move!}  
Kf4 {well, in case of 47. - Ke6 the game is 
probably won for you. But what's the situation 
with Kf4 ?}  48.Kb5 {I will show you. A very smart 
manuevre.}  Kxf3 49.Kxa5 Kxg4 50.Kxb4 Kf4 {but 
before, two Pawns will promote to Queens, 
simultanious (if the calculation is correct)}  
51.Kc3 {Here comes my king!}  g4 {a very smart 
move! Now I'm forbidden to play 51. - Kf3 or Ke3. 
I think you win: the game and more...}  52.Kd3 
{Yes, but I have to admit that I did not see all 
of this before the exchange.}  Kf3 53.a5 g3 54.a6 
g2 55.a7 g1Q {%}  56.a8Q+ {%}  Kf4 57.Qe4+ {!!}  
Kg5 58.Qe3+ {Time for another pawn-run.}  Qxe3+ 
{now the Queen's finale was only a short phase. 
Due to tle last remain pawm I think to resign 
soon...}  59.Kxe3 {I have no trouble keeping the 
opposition and get another Queen. Still you put up 
a very good defence}  Kf5 {the next moves are 
clear: Kings running to the Q'-side}  60.Kd4 Ke6 
61.Kc5 Kd7 62.Kb6 Kc8 63.b4 Kb8 64.b5 {Good game! 
Only one decisive mistake: 17. ... Kf7.}  Ka8 
{Thank you. I think 17. - Kf7 is like as 17. - 0-0 
(both loss a pawn). Do you found a better 
17.move?}  65.Kc7 {17. ... Nd5 looked ok to me, 
though I would still have a small edge.} 
 1-0

[Event "ACL-A100"]
[Site "www.playchess.de"]
[Date "2001.04.22"]
[Round "1"]
[White "chrisg"]
[Black "Kimura"]
[WhiteElo "1784"]
[BlackElo "1500"]
[PlyCount "66"]
[Result "1/2-1/2"]

1.e4 e5 2.f4 exf4 3.Nf3 d5 4.exd5 Nf6 5.Bb5+ c6 
6.dxc6 bxc6 7.Bc4 Nd5 8.d4 Bd6 9.Qe2+ Be6 10.O-O 
O-O 11.Bxd5 cxd5 12.Ne5 g5 13.Nc3 Qb6 14.Rd1 Nc6 
15.Nxc6 Qxc6 16.Bd2 Rab8 17.Rab1 Bf5 18.Rdc1 Rb4 
19.Qh5 f6 20.Ne2 Rc4 21.Bc3 Bg6 22.Qf3 Re8 23.Rba1 
Re3 24.Qf2 Qe8 25.Rce1 {You are a very strong 
player! have a nice weekend!}  Bb4 {i think you 
are a good player too. I only have the iniciative 
by now. Have a nice easter too!}  26.Rac1 {Thanks! 
but it's still one week and i have a lot of work 
next days!}  Qb8 {I have to work next week too}  
27.Ref1 {so we have the same problem ;-)) but only 
4 days and than 4 days holidays! :-))}  Bxc3 
28.Nxc3 Qxb2 29.Nxd5 {I wish you a beautiful 
eastern!}  Re6 {:=)}  30.c3 {.}  Qxf2+ 31.Rxf2 Be4 
32.Nb4 a5 33.d5 Re8 1/2-1/2

[Event "HCL-B199"]
[Site "www.playchess.de"]
[Date "2001.04.22"]
[Round "10"]
[White "urkizu"]
[Black "stackOflow"]
[WhiteElo "1300"]
[BlackElo "1200"]
[PlyCount "37"]
[Result "1-0"]

1.e4 e5 2.Nf3 Nc6 3.d4 exd4 4.Nxd4 d6 5.Nxc6 bxc6 
6.Bc4 Nf6 7.O-O d5 8.exd5 cxd5 9.Bb5+ Bd7 10.Re1+ 
Be7 11.Nc3 O-O 12.Nxd5 Bxb5 13.Nxe7+ Kh8 14.Bg5 
Re8 15.Bxf6 Qxd1 16.Bxg7+ Kxg7 17.Raxd1 f6 18.Nd5 
Rxe1+ 19.Rxe1 1-0

[Event "HCL-B200"]
[Site "www.playchess.de"]
[Date "2001.04.22"]
[Round "6"]
[White "Shirov"]
[Black "ademarmr"]
[WhiteElo "1500"]
[BlackElo "1500"]
[PlyCount "45"]
[Result "1-0"]

1.d4 d5 {hello! Good luck!}  2.Nc3 {Good luck to 
you too}  Nf6 3.Nf3 {why don't we play four 
knights?}  Nc6 {Let`s try!}  4.e3 {One tiny 
problem, we opened d-pawn}  a6 {Yes! But this is " 
Shirov/ademar Four knights opening "}  5.Bd3 
{Right! We discovered a new opening (or did it 
excists already?}  Nb4 {I don't know, why Shirov? 
I think it'is a russian name.}  6.O-O {To bad... 
not a new opening}  Bg4 7.Be2 {Your playing really 
agressive aren't  you?}  e6 {No, I don't! I think 
that our opening is complicated.}  8.a3 {Yes, I 
think it's whonderfull, don't you?}  Nc6 {Yes, it 
is!}  9.Ne5 {It's an opening where it seems to can 
explode every second}  Bxe2 {Yes, I think it will 
explode any moment. At this time I hope to save my 
self!}  10.Qxe2 {there it comes}  Nxe5 11.f4 
{Let's push it a bit}  Nc6 12.Rd1 {You can watch 
live games on the official Kasparov site. You can 
watch Linares now. 9:30 AM}  Bd6 {I'm doing it. 
I'm liking Kasparov and Judit!}  13.Bd2 {Like 
you're style, but I don't like Polgar, I like 
Kasparov, Topalov (very much), Shirov, Almasi}  
O-O 14.Rdf1 Ne7 15.b4 {You like the game? How is 
it going in Brasil?}  b6 {Yes, I do. In Brasil 
Chessgame is more restrict than Europe or USA for 
example}  16.Kh1 {I'm so sorry! But i Thought the 
web site was broke forever!}  Re8 {Welcome back to 
fight in a board chess!}  17.e4 {Thanks!}  dxe4 
18.Nxe4 Nxe4 19.Qxe4 c5 20.c3 cxd4 21.cxd4 {I see 
you're doing great in your other games!}  Rc8 {No, 
I lost to Ray! Better, he won!}  22.Rac1 Nd5 
23.f5 1-0

[Event "HCL-B207"]
[Site "www.playchess.de"]
[Date "2001.04.22"]
[Round "7"]
[White "rafita"]
[Black "adamant"]
[WhiteElo "1396"]
[BlackElo "1045"]
[PlyCount "89"]
[Result "1-0"]

1.d4 {hello and good luck!}  d5 2.c4 e6 3.Nc3 Nf6 
4.Bg5 Be7 5.e3 O-O 6.Nf3 h6 7.Bh4 Ne4 8.Bxe7 Qxe7 
9.Qc2 Nc6 10.cxd5 Nxc3 11.dxc6 Nd5 12.cxb7 Bxb7 
13.a3 Rac8 14.Be2 c5 15.Qd2 c4 16.Rc1 Ba6 17.Qc2 
f6 18.Qa4 Qd6 19.O-O c3 20.Qxa6 Qxa6 21.Bxa6 Rc6 
22.Bd3 Rfc8 23.bxc3 R6xc3 24.Rxc3 Rxc3 25.Bg6 Rxa3 
26.Rb1 Kf8 {Nice try, better luck next time.}  
27.g3 a5 {good move}  28.Nd2 Nb4 29.Nc4 Ra2 
30.Nxa5 Rxa5 31.Rxb4 Ra7 32.Kg2 Ke7 33.Be4 Kd7 
34.Rb7+ Rxb7 35.Bxb7 g6 36.e4 Kd6 37.d5 f5 38.exf5 
gxf5 39.dxe6 Kxe6 40.f4 Kf6 41.Kh3 Kg6 42.Kh4 Kg7 
43.Kh5 Kh7 44.Bc8 Kg7 45.Bxf5 1-0

[Event "HCL-M013"]
[Site "www.playchess.de"]
[Date "2001.04.22"]
[Round "31"]
[White "ajedrez"]
[Black "bonin"]
[WhiteElo "2337"]
[BlackElo "2200"]
[PlyCount "63"]
[Result "1-0"]

1.e4 {Hello, and good luck.}  e6 {Hello, and good 
luck}  2.d4 d5 3.Nc3 Bb4 4.e5 c5 5.a3 Bxc3+ 6.bxc3 
Ne7 7.a4 Nbc6 8.Nf3 Qa5 9.Bd2 Bd7 10.Rb1 Qc7 
11.Be2 f6 12.Bf4 Ng6 13.Bg3 fxe5 14.O-O cxd4 
15.cxd4 O-O 16.Bb5 Nf4 17.dxe5 Rac8 18.Re1 a6 
19.Bxc6 Bxc6 20.Nd4 Bd7 21.Qd2 Ng6 22.Qb4 h5 23.h4 
b5 24.Qd6 Qxd6 25.exd6 Rfe8 26.axb5 e5 27.bxa6 
exd4 28.Rxe8+ Rxe8 29.a7 Kf7 30.Rb8 Bc6 31.d7 Re1+ 
32.Kh2 1-0

[Event "HCL-B204"]
[Site "www.playchess.de"]
[Date "2001.04.22"]
[Round "3"]
[White "scd119"]
[Black "Jeff_Foster"]
[WhiteElo "1500"]
[BlackElo "1495"]
[PlyCount "59"]
[Result "1-0"]

1.e4 e5 2.Nf3 Nc6 3.Bb5 Nd4 4.Nxd4 exd4 5.O-O c6 
6.Bc4 d5 7.exd5 cxd5 8.Bb5+ Bd7 9.Qe2+ Be7 10.b3 
Nf6 11.Bb2 O-O 12.Bxd4 Ne4 13.Nc3 Bxb5 14.Qxb5 b6 
15.Qd3 f5 16.Be5 Nxc3 17.dxc3 Qd7 18.Rad1 Rad8 
19.Rfe1 Bc5 20.c4 d4 21.c3 Rfe8 22.Kf1 a6 23.cxd4 
Bb4 24.Re2 a5 25.Qf3 Bc5 26.Bf6 gxf6 27.Rxe8+ Rxe8 
28.dxc5 Qc7 29.cxb6 Qxb6 30.Qxf5 1-0

[Event "ACL-E003"]
[Site "www.playchess.de"]
[Date "2001.04.22"]
[Round "31"]
[White "deepcover"]
[Black "traga"]
[WhiteElo "1710"]
[BlackElo "1838"]
[PlyCount "58"]
[Result "1/2-1/2"]

1.d4 d5 2.Nf3 Nf6 3.c4 dxc4 4.e3 b5 5.a4 c6 6.axb5 
cxb5 7.b3 Be6 8.Nbd2 c3 9.Bxb5+ Bd7 10.Bxd7+ Nbxd7 
11.Nc4 Ne4 12.Qd3 f5 13.Nfe5 Nxe5 14.Nxe5 Qb6 
15.O-O Rc8 16.f3 Nd6 17.Nc4 Qxb3 18.Nxd6+ exd6 
19.Qxf5 Rc7 20.Rb1 Qf7 21.Rb8+ Ke7 22.Qa5 Kf6 
23.e4 h6 24.Bf4 Kg6 25.Bxd6 Bxd6 26.Rxh8 c2 27.g4 
Bf4 28.Qh5+ Kf6 29.Qh4+ Bg5 1/2-1/2

[Event "HCL-C215"]
[Site "www.playchess.de"]
[Date "2001.04.22"]
[Round "2"]
[White "SpiderMan"]
[Black "sarek"]
[WhiteElo "800"]
[BlackElo "1119"]
[PlyCount "28"]
[Result "0-1"]

1.e4 {Hello}  e6 {hi}  2.d4 d5 3.e5 c5 4.Nf3 cxd4 
5.c4 dxc4 6.Bxc4 Nc6 7.O-O Nge7 8.Bg5 Qb6 9.b3 Nf5 
10.Bc1 Be7 11.Bd3 Bd7 12.Bb2 O-O 13.Nbd2 Nb4 
14.Nc4 Qa6 0-1

[Event "HCL-E033"]
[Site "www.playchess.de"]
[Date "2001.04.22"]
[Round "22"]
[White "Radost"]
[Black "MarkusSSG"]
[WhiteElo "1969"]
[BlackElo "2308"]
[PlyCount "42"]
[Result "0-1"]

1.e4 {Auf ein Neues; diesmal keine Englische 
Eröffnung!}  c6 {moin wie gehts}  2.d4 {gut 
soweit. ich will dich diesmal besiegen!!}  d5 
{dann mal viel glück !!!}  3.e5 {kann ich 
gebrauchen}  Bf5 {moin ich geb jetzt mal die 
andere Partie gegen Satura auf ! Gruss Markus}  
4.c3 {ein cooles Endspiel war das bei euch! Hier 
wandle ich auf Shirov's Spuren}  e6 5.Be3 h5 6.Be2 
Qb6 7.b4 a5 8.b5 {erzwungen!? Hab zone.com 
geladen, warst nicht da}  cxb5 {Sorry Bin gerade 
voll im Umzugsstress!! Nächste Woche ? Gruss 
Markus}  9.Qb3 b4 10.a3 a4 11.Qb2 b3 12.Nd2 Qc6 
13.Ngf3 b5 14.O-O Nd7 15.Rfc1 Be7 16.Ne1 f6 17.f4 
Nb6 18.Bd3 Nh6 19.Bxf5 Nxf5 20.Bf2 fxe5 21.fxe5 
Bg5 0-1

[Event "HCL-B224"]
[Site "www.playchess.de"]
[Date "2001.04.22"]
[Round "1"]
[White "sonnygarcia"]
[Black "Translightor"]
[WhiteElo "1124"]
[BlackElo "1489"]
[PlyCount "98"]
[Result "0-1"]

1.e4 e5 2.Nf3 Nc6 3.Bb5 a6 4.Ba4 Nf6 5.Bxc6 dxc6 
6.d3 Bd6 7.Nbd2 O-O 8.Nc4 Qe7 9.Bg5 b5 10.Na5 Bd7 
11.O-O Bb4 12.Nb3 a5 13.a3 Bd6 14.Nh4 h6 15.Bxf6 
Qxf6 16.Nf3 c5 17.Nc1 Be6 18.Ne2 c6 19.b3 Rfd8 
20.Ng3 g6 21.Qd2 Kg7 22.Qe2 Bg4 23.h3 Bxf3 24.Qxf3 
Qxf3 25.gxf3 Rdf8 26.c4 f5 27.Rfe1 Kf6 28.Kg2 Rad8 
29.Ne2 Be7 30.Red1 Rd7 31.Kg3 Rfd8 32.Nc1 Ke6 
33.Ra2 Bg5 34.Ne2 R7xd3 35.Rxd3 Rxd3 36.b4 cxb4 
37.axb4 a4 38.h4 Be7 39.Nc1 Rc3 40.cxb5 cxb5 
41.Ne2 Rc4 42.Rb2 Bxb4 43.exf5+ gxf5 44.Rb1 a3 
45.Nc1 Rc2 46.Nd3 a2 47.Rd1 Ba3 48.f4 e4 49.Ne5 
Rc1 0-1

[Event "ACL-A118"]
[Site "www.playchess.de"]
[Date "2001.04.22"]
[Round "9"]
[White "guerino"]
[Black "julianlore"]
[WhiteElo "1325"]
[BlackElo "1500"]
[PlyCount "78"]
[Result "0-1"]

1.e4 c5 2.Nf3 d6 3.d4 cxd4 4.Nxd4 Nf6 5.Nc3 g6 
6.Be3 Bg7 7.f3 O-O 8.Qd2 Nc6 9.g4 Be6 10.O-O-O 
Nxd4 11.Bxd4 Qa5 12.a3 a6 13.h4 b5 14.Nd5 Qxd2+ 
15.Rxd2 Bxd5 16.Bxf6 Bxf6 17.Rxd5 Be5 18.Bg2 Rfb8 
19.h5 e6 20.Rd2 Bf4 21.Kd1 Bxd2 22.Kxd2 b4 23.a4 
Rbc8 24.hxg6 hxg6 25.f4 e5 26.Rd1 exf4 27.Rf1 g5 
28.Re1 Rc5 29.e5 Rac8 30.Be4 dxe5 31.Rh1 Rd8+ 
32.Kc1 b3 33.c3 Rc4 34.Bb1 Rxa4 35.Rh5 Ra1 36.Rh1 
e4 37.Re1 e3 38.Re2 Rd1+ 39.Kxd1 
Rxb1+ 0-1

[Event "HCL-A084"]
[Site "www.playchess.de"]
[Date "2001.04.22"]
[Round "12"]
[White "DaRkFoRcE"]
[Black "Jane"]
[WhiteElo "1700"]
[BlackElo "1700"]
[PlyCount "33"]
[Result "1-0"]

1.e4 e6 {Hi !}  2.d4 d5 3.e5 {Hi, Jane!}  c5 4.c3 
Nc6 5.Nf3 Bd7 6.Bd3 cxd4 7.cxd4 Qb6 8.O-O Nxd4 
9.Nxd4 Qxd4 10.Nc3 a6 11.Re1 Ne7 12.Qf3 Ng6 
13.Bxg6 hxg6 14.Be3 Qh4 15.h3 Be7 16.Bb6 Qb4 
17.Qe3 1-0

[Event "HCL-C224"]
[Site "www.playchess.de"]
[Date "2001.04.22"]
[Round "5"]
[White "Buddha"]
[Black "Brazil"]
[WhiteElo "1000"]
[BlackElo "1734"]
[PlyCount "56"]
[Result "0-1"]

1.e4 {Hello there.}  c5 2.Nf3 d6 {Hey Buddha ! I 
forgot to check messages last move...}  3.Bb5+ Bd7 
4.Bxd7+ Nxd7 5.O-O g6 6.Nc3 {No worries.}  Bg7 
7.d4 cxd4 8.Nxd4 Ngf6 9.Re1 O-O 10.f3 Rc8 11.Be3 
b6 12.a4 e6 13.Qd2 Ne5 14.Ndb5 Nc4 15.Qc1 Nxe3 
16.Qxe3 a6 17.Nd4 Nd7 18.Nde2 Ne5 19.b3 Qc7 20.h3 
Nd7 21.Red1 Bxc3 22.Qxc3 Qxc3 23.Nxc3 Rxc3 24.Rxd6 
Rd8 25.Rc1 a5 26.Rd3 Rxd3 27.cxd3 Nc5 28.Rc3 
Rxd3 0-1

[Event "ACL-A122"]
[Site "www.playchess.de"]
[Date "2001.04.22"]
[Round "6"]
[White "IHTEM"]
[Black "Smutje"]
[WhiteElo "1500"]
[BlackElo "1114"]
[PlyCount "55"]
[Result "1-0"]

1.d4 d5 2.Bg5 f6 3.Bh4 g5 4.Bg3 Qd7 5.Qd3 Qf5 6.e3 
Qe6 7.Bxc7 Na6 8.Ba5 b6 9.Bd2 Rb8 10.Qa3 Qf5 
11.Bb5+ Kf7 12.Bxa6 Bxa6 13.Qxa6 g4 14.Qd3 Qg5 
15.Nc3 Rc8 16.e4 Qg6 17.Nxd5 e6 18.Nf4 Qg7 19.Qb3 
Bd6 20.Qxe6+ Kf8 21.Qxc8+ Kf7 22.Qe6+ Kf8 23.Qxd6+ 
Ne7 24.Ne6+ Kf7 {shit}  25.Nxg7 Rg8 26.Nh5 Re8 
27.Qxf6+ Kg8 28.Qg7+ 1-0

[Event "ACL-A119"]
[Site "www.playchess.de"]
[Date "2001.04.22"]
[Round "9"]
[White "esad"]
[Black "Buddha"]
[WhiteElo "1264"]
[BlackElo "1500"]
[PlyCount "60"]
[Result "0-1"]

1.d4 d5 2.c4 c6 3.e3 Nf6 4.h3 e6 5.a3 Be7 6.Nf3 
O-O 7.Qc2 a5 8.Ng5 h6 9.Nf3 dxc4 10.Bxc4 b5 11.Bb3 
a4 12.Ba2 Bb7 13.Nc3 c5 14.dxc5 Bxc5 15.Nxb5 Qa5+ 
16.Nc3 Bxf3 17.gxf3 Nbd7 18.Bd2 Ne5 19.Ne4 Nxf3+ 
20.Ke2 Nxd2 21.Qxd2 Nxe4 22.Qxa5 Rxa5 23.Rhc1 Rb8 
24.Rab1 Rd8 25.Rcd1 Rxd1 26.Rxd1 Bxa3 27.bxa3 Nc3+ 
28.Ke1 Nxd1 29.Kxd1 Rh5 30.Kc2 
Rxh3 0-1

[Event "ACL-A119"]
[Site "www.playchess.de"]
[Date "2001.04.22"]
[Round "18"]
[White "deadeasy"]
[Black "Buddha"]
[WhiteElo "1500"]
[BlackElo "1500"]
[PlyCount "75"]
[Result "1-0"]

1.e4 c5 2.Nf3 d6 3.c3 Nf6 {Hello}  4.Bd3 {hi. I 
have not played using  comp` program before. not 
sure what the best approach is. an experiment}  
Nc6 {I look stuff up in books mostly. You are 
playing the Kopec system.}  5.Bc2 {thanks. i dont 
have many chess books these days, 3 i think and 
none on sicilian}  e5 {I have about 25 or so.}  
6.O-O {and i suppose six are on the Kopec system 
knowing my luck ;-)}  Be7 {I remember it from an 
article in Chess Life.}  7.h3 {yes of course kopec 
is american so I could have expected that. I have 
not played this line since 92!}  O-O {Is it an 
opening worth learning as White?}  8.Re1 {I dont 
know, I wanted something that took both players 
away from rapid changing theory.}  a6 9.d3 b5 
10.a4 Bb7 11.Nbd2 h6 12.Nf1 d5 13.axb5 axb5 
14.Rxa8 Qxa8 15.exd5 Nxd5 16.Nxe5 Nxe5 17.Rxe5 Bf6 
18.Re1 Re8 19.Rxe8+ {I was worried  about a move 
that my computer would not consider. I thought 
18...Nc3 strong. comment?}  Qxe8 20.Ng3 Qc6 21.Ne4 
Be7 22.Qg4 Nf6 23.Qg3 Nxe4 24.dxe4 Qd6 25.Qxd6 {an 
unusual endgame!}  Bxd6 {You interested in a 
draw?}  26.Be3 {it probably is a draw, swop pawns, 
B takes last pawn etc, but i am interested in 
trying to play this}  f6 27.f4 Bc6 28.Kf2 Kf7 
29.g4 b4 30.Bb3+ Ke7 31.Bd5 Bxd5 32.exd5 bxc3 
33.bxc3 c4 34.Kf3 Bc7 35.Bc5+ Bd6 {Ready for that 
draw?}  36.Bxd6+ {you should be swopping pawns 
off, keep bishops on. this is won for white}  Kxd6 
{Your bishop is the same color as my pawn 
squares.}  37.Ke4 g6 38.Kd4 1-0

[Event "ACL-A125"]
[Site "www.playchess.de"]
[Date "2001.04.22"]
[Round "29"]
[White "richard"]
[Black "Tony"]
[WhiteElo "1500"]
[BlackElo "1900"]
[PlyCount "70"]
[Result "1/2-1/2"]

1.e4 {greetings from the USA}  d6 {Hi Richard! 
It's a pleasure to meet you!! Have a nice game!!}  
2.d4 Nf6 3.Nc3 g6 4.f4 Bg7 5.Nf3 O-O 6.h3 c5 7.d5 
Nbd7 8.a4 {many pawns}  Nh5 9.Ne2 Nhf6 10.Ng3 a6 
11.Bc4 b6 12.O-O Bb7 13.Qd3 Qc7 14.c3 Rfe8 15.f5 
Nf8 {Very interesting position!!}  16.fxg6 {the 
battle begins}  hxg6 {play the trumpets, the drums 
roll...}  17.Bf4 {I hear music}  N6d7 {I am forced 
to adapt the time in base to your rhythm...}  
18.Ng5 {is this sound? (pun)}  Nf6 {Yes it is. It 
is a symphony that grows up to hurt the ears!!}  
19.Rae1 N8d7 20.Nf3 Nh7 21.Re2 Ne5 22.Nxe5 dxe5 
23.Be3 Nf6 24.b4 cxb4 25.cxb4 Rec8 26.Rc2 Qd6 
27.Qd2 Rc7 28.Rfc1 Rac8 29.Bb3 {c'est egal}  Nd7 
30.Bg5 {paarlez vous anglais?}  R7xc2 31.Rxc2 Rxc2 
{We can speak English if you prefer it, where do 
you live in America?}  32.Bxc2 {Amherst, Mass., 2 
hrs west of Boston}  e6 {Do you make chess 
tournaments on live? Which is your american 
rating?}  33.dxe6 {oui, je joue au tournament 
vive. Mon US est 1,508}  Qxe6 {Please, speak 
english! My italian rating is 1725. Have nice 
day!}  34.Bd1 Nf8 35.Bg4 {this is looking drawish} 
 Qc6 {Yes... I think that we bring us near to a 
draw game.... no problem for me} 
 1/2-1/2

[Event "HCL-C231"]
[Site "www.playchess.de"]
[Date "2001.04.22"]
[Round "2"]
[White "Jackdaw"]
[Black "lostpawn2000"]
[WhiteElo "690"]
[BlackElo "1533"]
[PlyCount "70"]
[Result "1/2-1/2"]

1.e4 {Good luck!}  c6 {greeetings from cleveland  
ohio and gl}  2.Nf3 d5 3.Nc3 Bg4 4.Be2 e6 5.d3 Nd7 
6.Be3 Bd6 7.O-O Ngf6 8.Bg5 Qc7 9.Qd2 dxe4 10.Nxe4 
Nxe4 11.dxe4 Bxf3 12.Bxf3 Bxh2+ 13.Kh1 Bd6 14.g3 
Be5 15.c3 f6 16.Bf4 O-O-O 17.Qe3 Bxf4 18.Qxf4 Qxf4 
19.gxf4 Nc5 20.b4 Na4 21.Rac1 Rd3 22.Bg4 Nxc3 
23.Bxe6+ Kc7 24.Rfe1 Rhd8 25.Reg1 Ne2 26.Rxg7+ Kb6 
27.e5 Nxf4 28.Bf5 fxe5 29.Bxd3 Rxd3 30.Rxh7 Nh3 
31.Rf1 e4 32.Re7 Rf3 33.Kg2 Nf4+ 34.Kh2 Rh3+ 
35.Kg1 Ne2+ 1/2-1/2

[Event "ACL-A123"]
[Site "www.playchess.de"]
[Date "2001.04.22"]
[Round "13"]
[White "Garant"]
[Black "Muniz"]
[WhiteElo "1500"]
[BlackElo "1500"]
[PlyCount "23"]
[Result "1-0"]

1.e4 c6 2.d4 d5 3.e5 Bf5 4.Nf3 e6 5.Be2 c5 6.c3 
Nc6 7.O-O Nge7 8.Na3 cxd4 9.Nb5 Ng6 10.Nbxd4 Be4 
11.Nxc6 bxc6 12.Qa4 1-0

[Event "HCL-C234"]
[Site "www.playchess.de"]
[Date "2001.04.22"]
[Round "14"]
[White "ionutz"]
[Black "MAPS"]
[WhiteElo "1330"]
[BlackElo "878"]
[PlyCount "32"]
[Result "0-1"]

1.e4 {Buenos Aires, MAPS}  e5 {GOOD LUCK!}  2.Nf3 
{Are you from Caracas?}  Nc6 3.Bc4 d6 {No, I am 
from Barquisimeto.}  4.Nc3 {Do you like football?} 
 Nf6 {sure, who doesn't?  why?}  5.Ng5 {never 
mind. Why Venesuela is playng so bad?}  Be6 {they 
have never had a good team. They are good at 
baseball.}  6.Nxe6 {ok.}  fxe6 {what time is it 
there now?}  7.Bxe6 Nb4 8.a3 {10 05, morning.}  
Qe7 9.Bb3 {10 05, morning}  O-O-O 10.axb4 {it's 
about 10 05 in the morning, sir :)}  d5 11.exd5 {i 
think that it's 10 05 in the morning}  a6 12.O-O 
{i think that it's 10 05 in the morning}  Qxb4 
13.Ra4 {Do you like football?}  Qd6 14.d3 h5 
15.Bg5 Ng4 16.Ne4 Qd7 0-1

[Event "HCL-E039"]
[Site "www.playchess.de"]
[Date "2001.04.22"]
[Round "21"]
[White "Alcides"]
[Black "SD626"]
[WhiteElo "2400"]
[BlackElo "2000"]
[PlyCount "38"]
[Result "0-1"]

1.e4 {hello! have fun! ;)}  e5 {let`s have a nice 
game.}  2.Nf3 Nc6 3.Bc4 Bc5 4.O-O Nf6 5.d3 d6 6.c3 
O-O 7.a4 a5 8.h3 Be6 9.Qe2 Bxc4 10.dxc4 Nh5 
11.Nxe5 Ng3 12.Qg4 Nxf1 13.Nxc6 bxc6 14.Kxf1 Qe7 
15.f3 Rae8 16.Bg5 f6 17.Bh4 Reb8 18.Ra2 Qf7 19.e5 
f5 0-1

[Event "HCL-B247"]
[Site "www.playchess.de"]
[Date "2001.04.22"]
[Round "3"]
[White "gigabyte"]
[Black "takesa"]
[WhiteElo "1818"]
[BlackElo "1255"]
[PlyCount "78"]
[Result "0-1"]

1.d4 e6 2.e4 d5 3.Nc3 Bb4 4.Bd3 c5 5.Bd2 cxd4 6.e5 
dxc3 7.bxc3 Bc5 8.Nf3 Ne7 9.O-O O-O 10.Qe2 f6 
11.exf6 Rxf6 12.Bg5 Rf8 13.Ne5 Nbc6 14.Nxc6 bxc6 
15.Qg4 Rf7 16.Qh5 g6 17.Qh4 e5 18.Rae1 Qc7 19.Bf6 
e4 20.Be2 e3 21.f4 Nf5 22.Qg5 Be7 23.Bxe7 Qxe7 
24.Qxe7 Rxe7 25.c4 d4 26.Red1 c5 27.Rdb1 Ba6 28.g4 
Nd6 29.f5 gxf5 30.gxf5 Rg7+ 31.Kh1 Bb7+ 32.Bf3 
Bxf3+ 33.Rxf3 Ne4 34.h4 Nd2 35.Rg1 Rxg1+ 36.Kxg1 
Nxf3+ 37.Kf1 Re8 {I'll be back the 21st}  38.Ke2 
Ng1+ 39.Ke1 e2 0-1

[Event "HCL-B233"]
[Site "www.playchess.de"]
[Date "2001.04.22"]
[Round "29"]
[White "ademarmr"]
[Black "sonnygarcia"]
[WhiteElo "1714"]
[BlackElo "1117"]
[PlyCount "44"]
[Result "0-1"]

1.d4 {Good Luck}  d5 2.c4 c6 3.Nf3 Nf6 4.Nc3 Bf5 
5.e3 e6 6.cxd5 exd5 7.Be2 Bd6 8.O-O Nbd7 9.Nh4 Bg6 
10.Nxg6 hxg6 11.Re1 Qc7 12.g3 O-O-O 13.Bd2 Rh7 
14.Kg2 Rdh8 15.h4 Nh5 16.Bxh5 R7xh5 17.Qf3 Nf6 
18.Rac1 Rf5 19.Qe2 g5 20.Nb5 Qb8 21.g4 Rxh4 
22.gxf5 Rh2+ 0-1